Andělská čísla pro každého /

Main Author: Virtue, Doreen, 1958-
Language: Czech
Published: [Praha] : Synergie, c2014
Edition: Vyd. 1.
Subjects:
Physical Description: 247 s. ; 15 cm
Book
Saved in:
LEADER 01526nam a2200469 a 4500
001 nkc20142609621
003 CZ PrNK
005 20140909133048.0
007 ta
008 140718s2014 xr e f 000 0 cze
015 |a cnb002609621 
020 |a 978-80-7370-287-8  |q (brož.) 
035 |a (OCoLC)892781305 
040 |a BOA001  |b cze 
041 1 |a cze  |h eng 
072 7 |a 133  |x Ezoterismus. Okultismus  |2 Konspekt  |9 17 
080 |a 133.5:51  |2 MRF 
080 |a 511:165.212  |2 MRF 
080 |a 2-167.2  |2 MRF 
080 |a 159.96  |2 MRF 
080 |a (0.062)  |2 MRF 
100 1 |a Virtue, Doreen,  |d 1958-  |7 xx0004635  |4 aut 
245 1 0 |a Andělská čísla pro každého /  |c [Doreen Virtue ; z anglického originálu ... přeložila Jitka Ondryášová] 
250 |a Vyd. 1. 
260 |a [Praha] :  |b Synergie,  |c c2014 
300 |a 247 s. ;  |c 15 cm 
650 0 7 |a numerologie  |7 ph115472  |2 czenas 
650 0 7 |a číselná symbolika  |7 ph165767  |2 czenas 
650 0 7 |a andělé  |7 ph114045  |2 czenas 
650 0 7 |a channeling  |7 ph119124  |2 czenas 
650 0 9 |a numerology  |2 eczenas 
650 0 9 |a symbolism of numbers  |2 eczenas 
650 0 9 |a angels  |2 eczenas 
650 0 9 |a channeling  |2 eczenas 
655 7 |a populárně-naučné publikace  |7 fd131864  |2 czenas 
655 9 |a popular works  |2 eczenas 
765 0 |t Angel numbers 101  |9 Česky 
910 2 |a BOA001  |b S-1329.900 
990 |a BK 
995 |a 01 
991 |b 201408  |c NOV  |e n 
996 6 |b 2610599360  |c S-1329.900  |l MZK  |r Sklad / do 24 hodin  |n 3  |p p.v.  |w 001442107  |u 000010  |a 1  |e BOA001  |j MZK50  |s P